00729 a2200217 4500001000700000020001800007040003200025090001400057100002500071245004800096260001600144300002900160362000900189490002800198520010300226650003100329650001500360942000700375952011000382999001900492127102 a9788542613322 cEscola Canadense de Niteroi aSOU - TMJ aSouza, Maurício de10aTurma da Mônica Jovem: Sombras do passado aSão Paulo a248 p.bil.cm x 16.00cm0 a20190 aTurma da Mônica Jovem aUma emocionante aventura sobre medos do passado! Que inimigas voltarão para assombrar a galera?  4aLiteratura Infanto Juvenil 4aQuadrinhos cBK 00104070a80.1b80.1d2024-02-09l3oSOU - TMJpA23108r2024-06-26 11:16:26s2024-06-21w2024-02-09yBK c127102d127102